000 00376nam a2200133Ia 4500
008 220216s9999 xx 000 0 und d
100 _aVijayakumar K R
245 0 _aRevised international notation for latex harvest technology
260 _bIndian Rubber Journal
_c2010
300 _a78-81
650 _aLatex harvest technology
650 _aTapping notations
942 _cBS
999 _c50701
_d50701